000 00715nam a2200205Ia 4500
001 9417
003 GE_BSU
008 181216s||||||||xx |||||||||||||| ||und||
040 _cGE_BSU
080 _a821.353.1–32
100 _aმიშველაძე,რევაზ
245 _aზეპირი ნოველები
245 _cშემდგ.არჩილ მიშველაძე.რედ. გრიგოლ ჯულუხიძე,მხატვ.სპარტაკ ცინცაძე
260 _aთბილისი
260 _bმნათე
260 _c1992
300 _a144გვ.20სმ.
653 _aზეპირი ნოველები
942 _cBK
999 _c42711
_d42711